| 000 | 01033nam a22002177a 4500 | ||
|---|---|---|---|
| 999 |
_c62906 _d62906 |
||
| 003 | Ge_BSU | ||
| 005 | 20250318163111.0 | ||
| 008 | 250318s2003 ge ||||| |||| 00| 0 geo d | ||
| 041 | _ageo | ||
| 080 | _a618.2(075.8) გ-47 | ||
| 100 |
_aგიგინეიშვილი, მ. ს. _924608 |
||
| 245 |
_aმეანობა : _b[სახელმძღვ. სამედ. უნ-ტის სტუდ.] / _cმ.ს. გიგინეიშვილი, მ.მ. გიგინეიშვილი ; რედ.: თ. დეკანოსიძე. |
||
| 250 | _aმე-4 შესწორებული გამოცემა | ||
| 264 |
_aთბილისი : _bმედეა, _c2003. |
||
| 300 |
_a512 გვ.: _bილ.; _c24 სმ. |
||
| 653 | _aმეანობა | ||
| 653 | _aმედიცინა | ||
| 700 |
_aგიგინეიშვილი, მ.მ. _eავტორი _924609 |
||
| 700 |
_aდეკანოსიძე, თ., _eრედაქტორი _93868 |
||
| 942 |
_2udc _cBK |
||